Geografía industrial del mundo /

Guardado en:
Autor Principal: George, Pierre
Formato: Libro
Publicado: Buenos Aires : Eudeba, 1968
Edición:2a. ed.
Materias:
Etiquetas: Agregar Etiqueta
Sin Etiquetas, Sea el primero en etiquetar este registro!
LEADER 01150nam a22002415a 4500
001 CEM.cems002845
005 20060221000000.0
008 130507s1968##################000#0#####d
003 CEMS
082 0 4 |a 338.9 
100 1 |a George, Pierre 
245 1 0 |a Geografía industrial del mundo /  |c Pierre George 
250 |a 2a. ed. 
260 |a Buenos Aires :  |b Eudeba,  |c 1968 
300 |a 123 p. 
505 0 |a Desarrollo economico y organizacion politica: El desarrollo como proceso y como proyecto, Condiciones politicas de programacion, Programacion y Estado nacional, Programacion y crisis social, Programacion y crisis politica, Condiciones politicas del desarrollo latinoamericano; El Estado y la economia en la evolucion brasilena: La administracion colonial, Don Juan VI y la fundacion del Imperio, El proceso de desarrollo, Las alternativas de nuestro tiempo 
653 |a Geografia industrial 
653 |a Industria eeuu 
653 |a Industria japonesa 
653 |a Industria urss 
653 |a Industrializacion 
859 |a CEMS  |b BIB. CEMS - 11 de abril  |h 338.9  |i G293  |p 633.73  |t Ej.1 
859 |a CEMS  |b BIB. CEMS - 11 de abril  |h 338.9  |i G293  |p 660.73  |t Ej.2